| 000 | 00624nam a2200181Ia 4500 | ||
|---|---|---|---|
| 008 | 100917s9999 xx 000 0 und d | ||
| 082 | _b27538 | ||
| 100 | _aआपटे वा. शि. | ||
| 245 | _aवि. स. खांडेकर ओळख व अभ्यास | ||
| 260 |
_bश्री गणराज प्रकाशन _c1976 |
||
| 300 | _a92 | ||
| 365 | _b6 | ||
| 520 | _aनिबंध | ||
| 630 | _aवि. स. खांडेकर ओळख व अभ्यास | ||
| 650 | _aनिबंध | ||
| 730 | _aवि. स. खांडेकर ओळख व अभ्यास | ||
| 942 | _cBOOK | ||
| 999 |
_c632932 _d632929 |
||